Statistics for David Bowie Albums

Click here to take the quiz!

General Stats

  • This quiz has been taken 1,762 times
    (1,147 since last reset)
  • The average score is 17 of 26

Answer Stats

Year Album % Correct
1972The Rise and Fall of Ziggy Stardust and the Spiders from Mars
95%
2016Blackstar
88%
1977"Heroes"
85%
1971Hunky Dory
85%
1977Low
83%
1967David Bowie
83%
1983Let's Dance
80%
1969Space Oddity
80%
1973Aladdin Sane
79%
1974Diamond Dogs
77%
1976Station to Station
72%
1980Scary Monsters (and Super Creeps)
68%
1970The Man Who Sold the World
68%
1975Young Americans
67%
1979Lodger
65%
1973Pin Ups
63%
2013The Next Day
59%
2002Heathen
55%
1997Earthling
46%
1984Tonight
43%
2003Reality
42%
1993Black Tie White Noise
40%
1995Outside
37%
1987Never Let Me Down
36%
1999'Hours...'
34%
1993The Buddha of Suburbia
32%

Score Distribution

Percentile by Number Answered

Percent of People with Each Score

Your Score History

You have not taken this quiz since the last reset